[Event "Xtracon Chess Open 2018"]
[Site "Elsinore"]
[Date "2018.07.29"]
[Round "10"]
[White "Nordin, Eric"]
[Black "Skjoldager, Mikael"]
[Result "0-1"]
[WhiteElo "1872"]
[BlackElo "2057"]
[EventDate "2018.07.21"]
[WhiteFideId "1711822"]
[BlackFideId "1434314"]

1.e4 e5 2.Nf3 Nc6 3.Bc4 Bc5 4.c3 Nf6 5.d4 exd4 6.cxd4 Bb4+ 7.Nc3 Nxe4 8.
O-O Bxc3 9.d5 Bf6 10.Re1 Ne7 11.Rxe4 d6 12.Bg5 Bxg5 13.Nxg5 h6 14.Qe2 hxg5
15.Re1 Be6 16.dxe6 f6 17.Re3 c6 18.Rh3 Rxh3 19.gxh3 g6 20.Bd3 Kf8 21.h4 
gxh4 22.Kh1 f5 23.Qd2 Kg7 24.Qc3+ Kh6 25.Qd4 Qf8 26.Qxh4+ Kg7 27.Qd4+ Qf6 
28.Qxd6 Rh8 29.Rg1 Rh4 30.Rg3 Rd4 31.Qc7 Qxe6 32.Re3 Rd7 33.Qg3 Qf6 34.Qb8
Nd5 35.Re8 Ne7 36.Qg3 Qxb2 37.Qh4 Kf7 38.Rh8 Qa3 39.Bc4+ Nd5 40.Qh7+ Ke6 
41.Bxd5+ cxd5 42.Qxg6+ Ke5 43.f4+ Kd4 44.Qf6+ Kc4 45.Rc8+ Kb5 46.Qa1 Qf3+ 
47.Kg1 d4 48.Qf1+ Qxf1+ 49.Kxf1 d3 50.Ke1 Rh7 51.Kd2 Rh3 52.Rc7 Kb6 53.Rf7
Rxh2+ 54.Kxd3 Rxa2 55.Rf6+ Kc7 56.Rxf5 Kd7 57.Kc4 b6 58.Rf6 Ke7 59.Rf5 Rb2
60.Kc3 Rb1 61.Kc2 Rb4 62.Kc3 a5 63.Kc2 a4 64.Rh5 Rb3 65.Rd5 Ke6 66.Rd4 b5 
67.Rd8 Rb4 68.Rf8 Ke7 69.Rb8 a3 70.f5 Rb2+ 71.Kc1 b4 72.Rb6 Kf7 73.Ra6 Rf2
74.Kb1 Rxf5 75.Ka2 Rf4 76.Rd6 Ke7 77.Rd3 Ke6 78.Kb3 Ke5 79.Ka2 Ke4 80.Rb3 
Kd5 81.Rb1 Kc5 82.Rc1+ Kb5 83.Rc8 Rf2+ 84.Ka1 Ka4 85.Rc1 b3 86.Rh1 Rc2 87.
Rh4+ Kb5 88.Rh1 Kb4 89.Rh4+ Rc4 90.Rh1 Rd4 91.Rg1 Re4 92.Kb1 Kc3 93.Rc1+ 
Kd2 0-1

[Event "Xtracon Chess Open 2018"]
[Site "Elsinore"]
[Date "2018.07.29"]
[Round "10"]
[White "Nielsen, Jorgen Lovgren"]
[Black "Degerfeldt, Sven"]
[Result "1/2-1/2"]
[WhiteElo "2051"]
[BlackElo "1902"]
[EventDate "2018.07.21"]
[WhiteFideId "1403850"]
[BlackFideId "1717430"]

1.e4 c5 2.Nf3 d6 3.d4 cxd4 4.Nxd4 Nf6 5.Nc3 a6 6.Be2 e6 7.O-O Qc7 8.a4 b6 
9.f4 Bb7 10.Bf3 Be7 11.e5 dxe5 12.fxe5 Nfd7 13.Bxb7 Qxb7 14.Qg4 Bc5 15.Kh1
Bxd4 16.Qxd4 O-O 17.Rd1 Qc7 18.Bf4 Ra7 19.Re1 Nc6 20.Qe4 Raa8 21.Rad1 Ne7 
22.Rd2 Rfc8 23.Red1 Nf8 24.Bg5 Neg6 25.Rd6 h6 26.Be3 Rab8 27.h3 Ne7 28.g4 
b5 29.axb5 axb5 30.R1d2 1/2-1/2

[Event "Xtracon Chess Open 2018"]
[Site "Elsinore"]
[Date "2018.07.29"]
[Round "10"]
[White "Sandberg, Martin"]
[Black "Mortensen, Rogvi"]
[Result "1/2-1/2"]
[WhiteElo "1865"]
[BlackElo "2047"]
[EventDate "2018.07.21"]
[WhiteFideId "1707159"]
[BlackFideId "7202369"]

1.d4 Nf6 2.Bf4 d5 3.e3 c5 4.Nf3 Nc6 5.Nbd2 Qb6 6.dxc5 Qxb2 7.Rb1 Qc3 8.Bb5
e6 9.O-O Bd7 10.Bd3 Bc8 11.Bb5 Bd7 12.Bd3 Bc8 13.Bb5 Bd7 14.Bd3 1/2-1/2

[Event "Xtracon Chess Open 2018"]
[Site "Elsinore"]
[Date "2018.07.29"]
[Round "10"]
[White "Tenold, Andreas"]
[Black "Gonzalez, Francisco Silva"]
[Result "0-1"]
[WhiteElo "1865"]
[BlackElo "2045"]
[EventDate "2018.07.21"]
[WhiteFideId "1525840"]
[BlackFideId "1512285"]

1.e4 e5 2.Nf3 Nc6 3.Nc3 Nf6 4.d4 Bb4 5.Nxe5 Qe7 6.Nxc6 Qxe4+ 7.Be3 Qxc6 8.
Qd3 Ne4 9.Bd2 Nxd2 10.Qxd2 O-O 11.d5 Re8+ 12.Be2 Qc4 13.O-O-O Qc5 14.Bh5 
g6 15.Rhe1 Rf8 16.Re3 d6 17.Rg3 Qc4 18.Qh6 Qh4 19.Rdd3 Bf5 20.Rdf3 Bxc3 
21.bxc3 Qe4 22.Qd2 Rae8 23.Kb2 Re5 24.Rd3 Qh4 25.Rgf3 Qxh5 26.Rh3 Bxh3 27.
Rxh3 Qg5 28.f4 Rxd5 0-1

[Event "Xtracon Chess Open 2018"]
[Site "Elsinore"]
[Date "2018.07.29"]
[Round "10"]
[White "Hansen, Svein E"]
[Black "Unneland, Mathias"]
[Result "1-0"]
[WhiteElo "2041"]
[BlackElo "1896"]
[EventDate "2018.07.21"]
[WhiteFideId "1519727"]
[BlackFideId "1525581"]

1.d4 Nf6 2.c4 g6 3.Nc3 Bg7 4.e4 d6 5.f3 O-O 6.Be3 e5 7.d5 Nfd7 8.g4 f5 9.
gxf5 gxf5 10.exf5 Nb6 11.f6 Bxf6 12.Ne4 Bh4+ 13.Ng3 N8d7 14.Qd2 Nc5 15.
O-O-O Qe8 16.Bxc5 dxc5 17.Ne4 Qh5 18.Qc3 Bf5 19.Bd3 Nd7 20.b3 b6 21.Kb2 
Nf6 22.Rf1 Rae8 23.Qc2 Bxe4 24.fxe4 Ng4 25.Qg2 Kh8 26.Be2 Rxf1 27.Qxf1 Qg6
28.Nf3 Bf2 29.h3 Bd4+ 30.Nxd4 Ne3 31.Qf2 exd4 32.Rg1 Qh6 33.Qf7 Qf8 34.
Qxc7 d3 35.Bh5 Qf2+ 36.Ka3 Qxg1 37.Bxe8 Qc1+ 38.Ka4 Qc3 39.Kb5 d2 40.Bh5 
Nc2 41.e5 1-0

[Event "Xtracon Chess Open 2018"]
[Site "Elsinore"]
[Date "2018.07.29"]
[Round "10"]
[White "Berg, Margar M."]
[Black "Alquist, Erik"]
[Result "0-1"]
[WhiteElo "1859"]
[BlackElo "2035"]
[EventDate "2018.07.21"]
[WhiteFideId "7200021"]
[BlackFideId "1707701"]

1.d4 Nf6 2.Bg5 d5 3.Bxf6 exf6 4.c4 dxc4 5.Nc3 Bd6 6.e3 O-O 7.Bxc4 Nd7 8.
Nf3 f5 9.Qc2 Nf6 10.O-O-O a6 11.h4 h5 12.Ng5 b5 13.Bd5 Nxd5 14.Nxd5 g6 15.
e4 fxe4 16.Nxe4 Bf5 17.f3 Kg7 18.Qd2 c6 19.Nxd6 Qxd6 20.Ne3 Be6 21.g4 Rh8 
22.Kb1 Bd5 23.Rh3 Qe6 24.Nxd5 Qxd5 25.Qf4 Rae8 26.g5 Re6 27.Rh2 Rf8 28.Rc2
f6 29.Rc5 Qd7 30.Qg3 Qd6 31.Qxd6 Rxd6 32.Rdc1 Rxd4 33.Rxc6 Rxh4 34.Rxa6 
Rf4 35.Rc7+ Rf7 36.Rcc6 Rxf3 37.Rab6 h4 38.Rxb5 h3 39.Rc1 fxg5 40.Rxg5 h2 
41.Rg2 Rf2 42.Rxf2 Rxf2 43.Rh1 Rg2 0-1

[Event "Xtracon Chess Open 2018"]
[Site "Elsinore"]
[Date "2018.07.29"]
[Round "10"]
[White "Pakmor, Claus"]
[Black "Rasmussen, Jonas H"]
[Result "1/2-1/2"]
[WhiteElo "2023"]
[BlackElo "1892"]
[EventDate "2018.07.21"]
[WhiteFideId "1431609"]
[BlackFideId "1511637"]

1.e4 e5 2.Nf3 Nc6 3.Bb5 f5 4.Nc3 fxe4 5.Nxe4 Nf6 6.Bxc6 dxc6 7.Nxe5 Bd6 8.
Nxf6+ Qxf6 9.Ng4 Qe6+ 10.Ne3 O-O 11.d4 Qh6 12.Qe2 Be6 13.g3 Rae8 14.O-O 
Bd5 15.f4 Qg6 16.Qd3 Be4 17.Qc4+ Kh8 18.Ng2 Qg4 19.Rf2 Bxg2 20.Kxg2 Re1 
21.h3 Qf5 22.Qd3 Qd5+ 23.Qf3 Qxd4 24.c3 Qf6 25.Re2 Re8 26.Rxe8+ Rxe8 27.
Bd2 Qf5 28.Re1 Rxe1 29.Bxe1 Qb1 30.Qe2 Qxa2 31.Qe8+ Qg8 32.Qxg8+ Kxg8 33.
Kf3 Kf7 34.Ke4 1/2-1/2

[Event "Xtracon Chess Open 2018"]
[Site "Elsinore"]
[Date "2018.07.29"]
[Round "10"]
[White "Agustsson, Hafsteinn"]
[Black "Andersson, Lars"]
[Result "0-1"]
[WhiteElo "1844"]
[BlackElo "2022"]
[EventDate "2018.07.21"]
[WhiteFideId "2302047"]
[BlackFideId "1706772"]

1.e4 d6 2.d4 Nf6 3.Nc3 g6 4.f4 Bg7 5.Nf3 O-O 6.Bd3 Na6 7.e5 Ng4 8.h3 Nh6 
9.exd6 cxd6 10.Be3 Nb4 11.Bc4 Nf5 12.Bf2 d5 13.Bb3 e6 14.Ne2 Nc6 15.g4 Nd6
16.c3 Bd7 17.Ng3 Qc7 18.Bc2 Rac8 19.Qe2 Nc4 20.Bd3 Qxf4 21.Nf1 Nxb2 22.Bb1
Nc4 23.Bg3 Qc1+ 0-1

[Event "Xtracon Chess Open 2018"]
[Site "Elsinore"]
[Date "2018.07.29"]
[Round "10"]
[White "Rasmussen, Ken L."]
[Black "Fjallheim, Leif Reinert"]
[Result "0-1"]
[WhiteElo "2009"]
[BlackElo "1886"]
[EventDate "2018.07.21"]
[WhiteFideId "1443933"]
[BlackFideId "7201788"]

1.d4 Nf6 2.Nf3 g6 3.Bf4 d6 4.e3 Bg7 5.Be2 c5 6.c3 O-O 7.Nbd2 Nc6 8.h3 a6 
9.e4 Nd7 10.O-O cxd4 11.c4 Nc5 12.Ne1 e5 0-1

[Event "Xtracon Chess Open 2018"]
[Site "Elsinore"]
[Date "2018.07.29"]
[Round "10"]
[White "Stern, Geoffrey"]
[Black "Stam, Bart"]
[Result "1/2-1/2"]
[WhiteElo "2008"]
[BlackElo "1845"]
[EventDate "2018.07.21"]
[WhiteFideId "4002679"]
[BlackFideId "1006240"]

1.d4 Nf6 2.Nc3 e6 3.Nf3 d5 4.Bg5 Be7 5.Bxf6 Bxf6 6.e4 dxe4 7.Nxe4 Nd7 8.
Qd2 b6 9.O-O-O Bb7 10.Bd3 Qe7 11.Kb1 O-O-O 12.Rhe1 g6 13.Nxf6 Nxf6 14.Qe2 
Kb8 15.Ba6 Ba8 16.g3 Rd5 17.Rd2 Ra5 18.Bc4 Ne4 19.Rd3 Rd8 20.Re3 Nd6 21.
Bd3 Nf5 22.Bxf5 Rxf5 23.Nh4 Ra5 24.Rd1 Qb4 25.a3 Qe7 26.f4 Rad5 27.Nf3 
R5d6 28.Red3 Bb7 29.Qe3 c5 30.Ne5 cxd4 31.Rxd4 f6 32.Ng4 Rxd4 33.Rxd4 Rxd4
34.Qxd4 f5 35.Ne5 Kc7 36.Qc4+ Kb8 37.Qa4 a6 38.Qd7 Qxd7 39.Nxd7+ Kc7 40.
Nf8 Kd6 41.Nxh7 e5 42.Nf8 g5 43.fxg5 f4 44.gxf4 exf4 45.Kc1 Ke5 46.Kd2 Be4
47.Nd7+ Kf5 48.h4 b5 49.Nc5 Bc6 50.Ke2 Kg4 51.Ne6 f3+ 52.Kf2 Be4 53.Nd4 
Kxh4 54.g6 Bxg6 55.Kxf3 Kg5 56.c3 Kf6 57.Kf4 Bd3 58.Nc6 Ke6 59.Nb4 Bf1 60.
Nxa6 Kd5 61.b3 Be2 62.Ke3 Bd1 63.Nb4+ Kd6 64.Kd4 Bxb3 65.Nd3 Bd5 66.Nc5 
Bg2 67.Na6 Kc6 68.Kd3 Kd6 69.Nb4 Kc5 70.Nc2 Bf1+ 71.Kd2 Bc4 72.Nd4 Bf1 73.
Ke3 Kc4 1/2-1/2

[Event "Xtracon Chess Open 2018"]
[Site "Elsinore"]
[Date "2018.07.29"]
[Round "10"]
[White "Aase, Olav Idar"]
[Black "Schmied, Andreas"]
[Result "0-1"]
[WhiteElo "1832"]
[BlackElo "1997"]
[EventDate "2018.07.21"]
[WhiteFideId "1502646"]
[BlackFideId "4625897"]

1.e4 e5 2.Nf3 Nc6 3.d4 exd4 4.Nxd4 Nf6 5.Nxc6 bxc6 6.e5 Qe7 7.Qe2 Nd5 8.c4
Nb6 9.Nc3 Ba6 10.b3 O-O-O 11.g3 Re8 12.f4 f6 13.Bb2 fxe5 14.fxe5 Qxe5 15.
O-O-O Qg5+ 16.Qd2 Qxd2+ 17.Kxd2 Bc5 18.Bg2 Bd4 19.Kc2 c5 20.a4 Bb7 21.Rd2 
Bxg2 22.Rxg2 d6 23.Ne2 Bxb2 24.Kxb2 Rhf8 25.Nf4 g5 26.Nd3 Nd7 27.h4 Re3 
28.Kc2 h6 29.hxg5 hxg5 30.Re1 Rxe1 31.Nxe1 Ne5 32.Kd1 Nc6 33.Kd2 Nd4 34.
Kc3 Re8 35.Nc2 Re2 36.Rxe2 Nxe2+ 37.Kd2 Nxg3 38.Ke3 Kd7 39.Kf3 Nf5 40.Kg4 
Nd4 41.Na1 Ne6 42.Kf5 Ke7 43.a5 a6 44.Nc2 Nd4+ 45.Nxd4 cxd4 46.Ke4 c5 47.
b4 cxb4 48.Kxd4 g4 0-1

[Event "Xtracon Chess Open 2018"]
[Site "Elsinore"]
[Date "2018.07.29"]
[Round "10"]
[White "Rasmussen, Lars Garne"]
[Black "Matras, Ove"]
[Result "1-0"]
[WhiteElo "1995"]
[BlackElo "1839"]
[EventDate "2018.07.21"]
[WhiteFideId "1406434"]
[BlackFideId "1416790"]

1.e4 Nf6 2.e5 Nd5 3.d4 d6 4.Nf3 Nc6 5.Be2 g6 6.exd6 exd6 7.O-O Bg7 8.Bc4 
Nce7 9.Re1 O-O 10.Bg5 Re8 11.Bxd5 c6 12.Bc4 d5 13.Bd3 Qc7 14.Rxe7 Rxe7 15.
Bxe7 Qxe7 16.c3 Bg4 17.Nbd2 Re8 18.h3 Be6 19.Qc2 h6 20.Re1 c5 21.dxc5 Qxc5
22.Qb3 Qc8 23.Nd4 Kh7 24.Nxe6 Rxe6 25.Rxe6 Qxe6 26.Qc2 1-0

[Event "Xtracon Chess Open 2018"]
[Site "Elsinore"]
[Date "2018.07.29"]
[Round "10"]
[White "Quinn, David"]
[Black "Hafstad, Leif"]
[Result "1-0"]
[WhiteElo "1987"]
[BlackElo "1817"]
[EventDate "2018.07.21"]
[WhiteFideId "2401452"]
[BlackFideId "438030"]

1.d4 Nf6 2.c4 e6 3.Nf3 Bb4+ 4.Bd2 a5 5.g3 b6 6.Bg2 Bb7 7.O-O Bxd2 8.Qxd2 
O-O 9.Qd3 Nc6 10.Nc3 Nb4 11.Qb1 d5 12.a3 Nc6 13.Rd1 Ne7 14.Ne5 c6 15.Qc2 
Ng6 16.cxd5 cxd5 17.Rac1 Rc8 18.Qb3 Nxe5 19.dxe5 Nd7 20.e4 dxe4 21.Qb5 Bc6
22.Qe2 Qg5 23.Bxe4 Bxe4 24.f4 Qe7 25.Nxe4 Nc5 26.Nd6 Rc7 27.Qb5 Rb8 28.Rc3
Qd7 29.Rxc5 1-0

[Event "Xtracon Chess Open 2018"]
[Site "Elsinore"]
[Date "2018.07.29"]
[Round "10"]
[White "Hansen, Simon L."]
[Black "Rosell, Sven"]
[Result "0-1"]
[WhiteElo "1816"]
[BlackElo "1983"]
[EventDate "2018.07.21"]
[WhiteFideId "1446894"]
[BlackFideId "1707760"]

1.d4 Nf6 2.c4 g6 3.Nc3 Bg7 4.e4 d6 5.Nf3 O-O 6.Be2 e5 7.O-O Nc6 8.d5 Ne7 
9.Ne1 Nd7 10.Be3 f5 11.f3 Nf6 12.a4 a5 13.Nd3 b6 14.b4 f4 15.Bf2 h5 16.
bxa5 Rxa5 17.Nb5 g5 18.h3 g4 19.hxg4 hxg4 20.fxg4 Nxe4 21.Be1 Ng6 22.Bxa5 
bxa5 23.Rb1 Ng3 24.Nf2 e4 25.Qc2 f3 26.gxf3 Nf4 27.Rfe1 e3 28.Bd3 exf2+ 
29.Kxf2 Qh4 30.Ke3 Bh6 31.Kd2 Nxd3+ 32.Kxd3 Rxf3+ 0-1

[Event "Xtracon Chess Open 2018"]
[Site "Elsinore"]
[Date "2018.07.29"]
[Round "10"]
[White "Woltery, Nicolai"]
[Black "Askerov, Imamali"]
[Result "1/2-1/2"]
[WhiteElo "1715"]
[BlackElo "1970"]
[EventDate "2018.07.21"]
[WhiteFideId "436887"]
[BlackFideId "12974498"]

1.c4 e5 2.Nc3 Nc6 3.g3 f5 4.Bg2 Nf6 5.e3 d5 6.cxd5 Nb4 7.d3 Nbxd5 8.Nge2 
c6 9.O-O Be6 10.a3 Bd6 11.e4 Nxc3 12.Nxc3 Qe7 13.Re1 fxe4 14.dxe4 O-O 15.
f3 Rad8 16.Qe2 b5 17.Be3 Bc4 18.Qc2 Bc5 19.Rad1 Bxe3+ 20.Rxe3 Qc5 21.Qc1 
Bb3 22.Re1 Rd6 23.Nd5 Qxc1 24.Nxf6+ gxf6 25.Rxc1 Be6 26.Rec3 Bd7 27.Kf2 
Rd2+ 28.Kg1 Rxb2 29.Rd1 Rf7 30.Rcd3 Be8 31.Bh3 Re7 32.Rd8 Kg7 33.Rc8 Rb3 
34.Bf5 Bg6 35.Rdd8 Bxf5 36.Rg8+ Kh6 37.exf5 Rxf3 38.g4 Rg7 39.Rcf8 Rxf5 
40.h4 Rxg8 41.Rxg8 Rf4 42.Kg2 c5 43.g5+ fxg5 44.hxg5+ Kh5 45.Rg7 c4 46.
Rxh7+ Kxg5 47.Rxa7 c3 48.Rc7 Ra4 49.Rxc3 Kf4 50.Kf2 Ke4 51.Rc5 Rxa3 52.
Rxb5 Ra2+ 53.Ke1 Kf4 54.Rb3 e4 55.Rc3 e3 56.Rc8 1/2-1/2

[Event "Xtracon Chess Open 2018"]
[Site "Elsinore"]
[Date "2018.07.29"]
[Round "10"]
[White "Ponomarev, Denis"]
[Black "Mai, Alexander Oliver"]
[Result "1/2-1/2"]
[WhiteElo "1797"]
[BlackElo "1966"]
[EventDate "2018.07.21"]
[WhiteFideId "44136650"]
[BlackFideId "2313391"]

1.e4 e5 2.Nf3 Nc6 3.Bb5 a6 4.Ba4 Nf6 5.O-O Be7 6.Re1 b5 7.Bb3 d6 8.h3 Na5 
9.d3 O-O 10.Nc3 Nxb3 11.axb3 Bd7 12.Ne2 Re8 13.Ng3 Bf8 14.Nh2 h6 15.f4 
exf4 16.Bxf4 c5 17.Qf3 Be6 18.Nf5 Bxf5 19.exf5 Qb6 20.Kh1 d5 21.Ng4 Nxg4 
22.Qxg4 Qf6 23.Qg3 Kh7 24.Rxe8 Rxe8 25.Qf3 Qxb2 26.Rxa6 Re1+ 27.Kh2 Qd4 
28.Rb6 Qg1+ 29.Kg3 d4 30.Qd5 Re2 31.Bxh6 Qf2+ 32.Kh2 Be7 33.Bc1 Bh4 34.
Rh6+ gxh6 35.Qxf7+ Kh8 36.Qf8+ Kh7 37.Qf7+ Kh8 38.Qf8+ Kh7 1/2-1/2

[Event "Xtracon Chess Open 2018"]
[Site "Elsinore"]
[Date "2018.07.29"]
[Round "10"]
[White "Kizatbay, Alseit"]
[Black "Jorgensen, Alexander Torp"]
[Result "1-0"]
[WhiteElo "1932"]
[BlackElo "1803"]
[EventDate "2018.07.21"]
[WhiteFideId "13712209"]
[BlackFideId "1434187"]

1.d4 Nf6 2.c4 g6 3.Nc3 d5 4.Bf4 Bg7 5.e3 O-O 6.Nf3 c6 7.Bd3 Bg4 8.h3 Bxf3 
9.Qxf3 Qb6 10.Rb1 dxc4 11.Bxc4 Qb4 12.Be2 e6 13.O-O Nd5 14.Bh2 b6 15.Rfc1 
Nd7 16.Ne4 c5 17.Bd6 Rfd8 18.a3 Qa5 19.dxc5 bxc5 20.Nxc5 Nxc5 21.Bxc5 Rac8
22.Rc4 Bxb2 23.Rxb2 Rxc5 24.Rb7 Rf8 25.Rxc5 Qxc5 26.a4 Nc3 27.Bb5 Nxb5 28.
axb5 Qd5 29.Qxd5 exd5 30.Rxa7 Rb8 31.Ra5 Kf8 32.Kf1 Ke7 33.Ke2 h6 34.Kd3 
Rc8 35.Kd4 Rc2 36.Kxd5 Rxf2 37.b6 Rd2+ 38.Kc6 Rd6+ 39.Kc5 Rd2 40.b7 Rc2+ 
41.Kb6 Rxg2 42.b8=Q Rb2+ 43.Rb5 Rf2 44.Qe5+ Kf8 45.Rd5 1-0

[Event "Xtracon Chess Open 2018"]
[Site "Elsinore"]
[Date "2018.07.29"]
[Round "10"]
[White "Bremer, Erik"]
[Black "Tonnesen, Jan Ryder"]
[Result "1/2-1/2"]
[WhiteElo "1476"]
[BlackElo "1604"]
[EventDate "2018.07.21"]
[WhiteFideId "1411578"]
[BlackFideId "1461869"]

1.f4 d5 2.Nf3 e6 3.e3 Nf6 4.b3 g6 5.Bb2 Bg7 6.Be2 Nc6 7.Ne5 Nxe5 8.fxe5 
Nd7 9.d4 f6 10.exf6 Nxf6 11.Nd2 O-O 12.O-O b6 13.c3 Qd6 14.c4 Qe7 15.Bf3 
c6 16.a4 Qe8 17.Ba3 Rf7 18.Rc1 e5 19.Re1 e4 20.Be2 Bh6 21.Nf1 a5 22.c5 Bf8
23.Bb2 bxc5 24.dxc5 Ba6 25.Bd4 Bxe2 26.Qxe2 Bg7 27.Nd2 Nd7 28.Qd1 Ne5 29.
Rf1 Rb7 30.Qc2 Nd3 31.Rcd1 Raa7 32.Rb1 Qd8 33.Qc3 Bxd4 34.Qxd4 Rf7 35.Rxf7
Rxf7 36.Nxe4 Nb4 37.Ng3 Qg5 38.Qd2 Qe5 39.Re1 Re7 40.Nf1 Qg5 41.Qc3 Qf5 
42.Ng3 Qd7 43.Rf1 Qe6 44.Rf3 h5 45.Nf1 Qd7 46.Rf6 Re6 47.Rf3 Qe7 48.Qd2 
Qxc5 49.Qf2 Qe7 50.Rg3 Kg7 51.Qf4 h4 52.Rg4 Kh7 53.Rxh4+ Kg7 54.Rg4 Rf6 
55.Qb8 Qf7 56.h3 Qe6 57.Rg3 Kf7 58.Nd2 Qd6 1/2-1/2

[Event "Xtracon Chess Open 2018"]
[Site "Elsinore"]
[Date "2018.07.29"]
[Round "10"]
[White "Stage-Steffensen, Sander"]
[Black "Saravana, Vedant Kumar"]
[Result "1-0"]
[WhiteElo "1928"]
[BlackElo "1691"]
[EventDate "2018.07.21"]
[WhiteFideId "1455796"]
[BlackFideId "45059730"]

1.e4 e5 2.Nf3 Nc6 3.Bc4 Bc5 4.c3 Nf6 5.d3 h6 6.O-O d6 7.b4 Bb6 8.Re1 O-O 
9.Nbd2 Be6 10.Bxe6 fxe6 11.Nc4 Qe7 12.a4 Ng4 13.Nxb6 axb6 14.h3 Nf6 15.b5 
Nd8 16.Ba3 Nf7 17.d4 Nd7 18.Bb4 Ng5 19.Nxe5 Nxe5 20.dxe5 Qf7 21.f3 Qg6 22.
Kh2 Qh5 23.Re3 Qh4 24.Qe1 Qf4+ 25.Kh1 Qxe5 26.h4 Nh7 27.g3 Rfe8 28.Kg2 Qh5
29.e5 d5 30.Qe2 Nf8 31.c4 dxc4 32.Qxc4 Qf7 33.Ra2 Rac8 34.Re4 c5 35.Bc3 
Nd7 36.Rd2 Rf8 37.Re3 Rcd8 38.Rd6 Rfe8 39.Red3 Kf8 40.Kf2 Ke7 41.a5 bxa5 
42.Rxd7+ Rxd7 43.Qxc5+ 1-0

[Event "Xtracon Chess Open 2018"]
[Site "Elsinore"]
[Date "2018.07.29"]
[Round "10"]
[White "Glibstrup, Jakob"]
[Black "Bernstein, Jonas August"]
[Result "1-0"]
[WhiteElo "1920"]
[BlackElo "1661"]
[EventDate "2018.07.21"]
[WhiteFideId "1416146"]
[BlackFideId "1532154"]

1.Nf3 c5 2.e4 d6 3.d4 cxd4 4.Nxd4 Nf6 5.Nc3 a6 6.Be3 e5 7.Nb3 Be6 8.f3 Be7
9.Qd2 O-O 10.O-O-O Nbd7 11.g4 b5 12.h4 Nb6 13.g5 Nh5 14.Qf2 Nc4 15.Bxc4 
Bxc4 16.Na5 Qc8 17.Nxc4 Qxc4 18.Nd5 Bd8 19.Kb1 a5 20.Rd3 b4 21.Rhd1 Ra6 
22.Qg2 g6 23.f4 exf4 24.Nxf4 Nxf4 25.Bxf4 Be7 26.h5 gxh5 27.Rh3 a4 28.b3 
axb3 29.cxb3 Qe6 30.Rxh5 Rfa8 31.Rd2 Rxa2 32.Rxa2 Qxb3+ 33.Qb2 Qd1+ 34.Qc1
Qd3+ 35.Qc2 Qf1+ 36.Bc1 Rb8 37.Qe2 Qxe2 38.Rxe2 Bf8 39.Reh2 Bg7 40.Bb2 Bc3
41.Rxh7 1-0

[Event "Xtracon Chess Open 2018"]
[Site "Elsinore"]
[Date "2018.07.29"]
[Round "10"]
[White "Rygg, Andreas Gangstad"]
[Black "Jacobsen, Heidrikur T."]
[Result "1/2-1/2"]
[WhiteElo "1759"]
[BlackElo "1918"]
[EventDate "2018.07.21"]
[WhiteFideId "1527754"]
[BlackFideId "7200340"]

1.e4 d6 2.f4 g6 3.Nf3 Bg7 4.Be2 Nf6 5.d3 c5 6.O-O O-O 7.c3 c4 8.d4 Nxe4 9.
Bxc4 d5 10.Bd3 Nc6 11.Qe1 f5 12.Nbd2 Qb6 13.Kh1 Kh8 14.Ne5 Nxe5 15.fxe5 e6
16.Nf3 Qd8 17.Bf4 h6 18.h4 Bd7 19.Qe3 Kh7 20.Rg1 g5 21.hxg5 hxg5 22.Nxg5+ 
Nxg5 23.Bxg5 Bh6 24.Bxd8 Bxe3 25.Rge1 Bxd4 26.cxd4 Raxd8 27.g4 Kg6 28.
gxf5+ exf5 29.Kg2 Be6 30.Kf3 Rh8 31.Rg1+ Kf7 32.Raf1 Rdg8 33.Rxg8 Rxg8 34.
Rh1 Rg7 35.Rh4 a6 36.b4 Kg8 37.Rh6 Kf7 38.Rf6+ Ke7 39.Bxf5 Bxf5 40.Rxf5 
Rg1 41.Rh5 Rf1+ 42.Ke3 Re1+ 43.Kd3 Rd1+ 44.Ke3 Re1+ 45.Kd2 Ra1 46.Rh7+ 
1/2-1/2

[Event "Xtracon Chess Open 2018"]
[Site "Elsinore"]
[Date "2018.07.29"]
[Round "10"]
[White "Andersen, Daniel"]
[Black "Hjornevik, Oyvind"]
[Result "1-0"]
[WhiteElo "1917"]
[BlackElo "1414"]
[EventDate "2018.07.21"]
[WhiteFideId "1402714"]
[BlackFideId "1516159"]

1.c4 e5 2.Nc3 Nf6 3.Nf3 Nc6 4.g3 Bc5 5.Bg2 d6 6.Na4 Bf5 7.Nxc5 dxc5 8.Qb3 
Rb8 9.Qb5 Nd7 10.d3 a6 11.Qa4 O-O 12.O-O Nd4 13.Nxd4 cxd4 14.b4 Re8 15.Rd1
Qc8 16.Qb3 h6 17.a4 Nf6 18.Bb2 Bh3 19.a5 Bxg2 20.Kxg2 Ng4 21.h3 Nf6 22.Rd2
Nh5 23.e3 dxe3 24.fxe3 e4 25.g4 Nf6 26.Bxf6 gxf6 27.Rf1 Kg7 28.Rdf2 exd3 
29.Rxf6 Rxe3 30.Rxf7+ Kg8 31.Qc3 Re2+ 32.Kg1 Qf8 33.Rxf8+ Rxf8 34.Rxf8+ 
1-0

[Event "Xtracon Chess Open 2018"]
[Site "Elsinore"]
[Date "2018.07.29"]
[Round "10"]
[White "Svendsen, Mads O."]
[Black "Pedersen, Lars Wisler"]
[Result "1/2-1/2"]
[WhiteElo "2030"]
[BlackElo "1856"]
[EventDate "2018.07.21"]
[WhiteFideId "1411780"]
[BlackFideId "1417045"]

1.e4 c5 2.Nf3 Nc6 3.d4 cxd4 4.Nxd4 e5 5.Nb5 a6 6.Nd6+ Bxd6 7.Qxd6 Qf6 8.
Qd1 Qg6 9.Nc3 Nge7 10.Be3 d5 11.exd5 Nb4 12.Bd3 Nxd3+ 13.Qxd3 Bf5 14.Qc4 
O-O 15.Bc5 Rfc8 16.Qb4 Qxg2 17.O-O-O Ng6 18.Bb6 Nf4 19.d6 Ne2+ 20.Kb1 
Nxc3+ 21.bxc3 Qc6 22.Rhe1 a5 23.Qb2 Ra6 24.Be3 a4 25.c4 Qxc4 26.d7 Rd8 27.
Qxe5 Be6 28.Bd4 Qxa2+ 29.Kc1 Qa3+ 30.Bb2 Qf8 31.Rg1 f6 32.Qxf6 Qxf6 33.
Bxf6 Rxd7 34.Rxd7 Bxd7 35.Rxg7+ Kf8 36.Rxd7 Rxf6 37.Rxh7 Rxf2 38.Rxb7 Rxh2
39.Ra7 Rh4 40.Kb2 Ke8 41.Ka3 Kd8 42.Rxa4 Rh5 43.Ra7 Kc8 44.Kb4 Kb8 45.Rg7 
Rh1 46.c4 Rb1+ 47.Kc5 Rf1 48.Kb5 Rb1+ 49.Kc6 Rh1 50.Rg8+ Ka7 51.c5 Rh6+ 
52.Kc7 Ka6 53.Rb8 Rh7+ 54.Kd6 Rh6+ 55.Ke7 Rh7+ 56.Kf6 Rh6+ 57.Kg7 Rc6 58.
Rb6+ Rxb6 59.cxb6 Kxb6 1/2-1/2

[Event "Xtracon Chess Open 2018"]
[Site "Elsinore"]
[Date "2018.07.29"]
[Round "10"]
[White "Kopperberg, Steen"]
[Black "Slettebo, Jan"]
[Result "0-1"]
[WhiteElo "1856"]
[BlackElo "1987"]
[EventDate "2018.07.21"]
[WhiteFideId "1433768"]
[BlackFideId "1704958"]

1.d4 d5 2.Nf3 Nf6 3.Bg5 Ne4 4.Bf4 c5 5.c3 Nc6 6.e3 Qb6 7.Qb3 c4 8.Qxb6 
axb6 9.Nbd2 Nf6 10.Be2 b5 11.O-O b4 12.Ne5 e6 13.Nxc6 bxc6 14.Be5 Nd7 15.
Bg3 bxc3 16.bxc3 Ba3 17.Rab1 O-O 18.Bd1 f6 19.Bc2 e5 20.f3 g6 21.Rfe1 Re8 
22.dxe5 fxe5 23.h4 Bc5 24.a4 Bb6 25.Rbd1 Nc5 26.Kh2 Ba6 27.f4 e4 28.Re2 
Ba5 29.Rf1 Bxc3 30.f5 Nd3 31.Nb1 Be5 32.fxg6 hxg6 33.Bxe5 Nxe5 34.Nc3 Kg7 
35.g3 Bc8 36.Rf4 Bg4 37.Ref2 g5 38.hxg5 Rh8+ 39.Kg2 Bf3+ 40.R2xf3 Nxf3 41.
Bxe4 dxe4 42.Nxe4 Ne1+ 43.Kf1 Rh1+ 44.Ke2 Rxa4 45.Nc3 Rh2+ 46.Kxe1 Ra1+ 
47.Nd1 c3 0-1

[Event "Xtracon Chess Open 2018"]
[Site "Elsinore"]
[Date "2018.07.29"]
[Round "10"]
[White "Amin, Idris"]
[Black "Preuss, Flemming"]
[Result "0-1"]
[WhiteElo "1855"]
[BlackElo "1971"]
[EventDate "2018.07.21"]
[WhiteFideId "1746022"]
[BlackFideId "1403338"]

1.d4 f5 2.e4 fxe4 3.Nc3 Nf6 4.Bg5 Nc6 5.Bc4 d5 6.Bxf6 dxc4 7.d5 exf6 8.
dxc6 Qxd1+ 9.Rxd1 Bb4 10.Ne2 bxc6 11.Rd4 Be6 12.Rxe4 Kf7 13.O-O Rad8 14.a3
Bxc3 15.Nxc3 Rhe8 16.Nd1 Rd2 17.Ne3 Bd5 18.Rxe8 Kxe8 19.Re1 Kd7 20.Kf1 Be6
21.Rc1 Ke7 22.Ke1 Rd8 23.c3 g5 24.Rc2 f5 25.Re2 Kf6 26.Nc2 c5 27.Rd2 Re8 
28.f3 f4 29.Kf2 Bf5 30.Ne1 h5 31.g3 fxg3+ 32.hxg3 Rb8 33.Ng2 Bd3 34.f4 g4 
35.Ne3 c6 36.Nd1 a5 37.Kg1 a4 38.Nf2 Kf5 39.Nd1 Ke4 40.Kf2 Rg8 41.Kg2 h4 
42.gxh4 g3 43.f5 Kf4 44.f6 Rf8 45.Kh3 Rxf6 46.h5 Rh6 47.Kg2 Rxh5 48.Kg1 
Kf3 49.b3 axb3 50.Nb2 Ke3 51.Rg2 Rg5 52.a4 Kf3 53.a5 Re5 54.Nxd3 cxd3 55.
Kf1 c4 56.Rd2 Rxa5 57.Rd1 Ra2 58.Rb1 Rc2 59.Kg1 Rxc3 60.Rf1+ Kg4 61.Rf8 
Rc2 62.Rg8+ Kf3 63.Rf8+ Ke3 64.Re8+ Kd4 65.Kf1 g2+ 66.Kg1 Kc3 67.Kh2 b2 
68.Rb8 d2 69.Kxg2 Rc1 70.Ra8 Kc2 71.Ra4 c3 72.Rc4 b1=Q 0-1

[Event "Xtracon Chess Open 2018"]
[Site "Elsinore"]
[Date "2018.07.29"]
[Round "10"]
[White "Nielsen, Morten Majlund"]
[Black "Larsen, Preben R."]
[Result "0-1"]
[WhiteElo "1959"]
[BlackElo "1803"]
[EventDate "2018.07.21"]
[WhiteFideId "1445448"]
[BlackFideId "1425790"]

1.e4 e5 2.Nf3 Nc6 3.d4 exd4 4.Nxd4 Qh4 5.Nxc6 Qxe4+ 6.Be2 dxc6 7.O-O Qd5 
8.Bd2 Be6 9.Nc3 Qd7 10.Qc1 O-O-O 11.Rd1 Bd6 12.Be3 Kb8 13.Ne4 Qe7 14.Bf3 
Nf6 15.Bg5 h6 16.Bxf6 gxf6 17.Nxd6 Rxd6 18.Qe3 f5 19.a4 Qf6 20.Rxd6 cxd6 
21.Qa3 Qe5 22.a5 Qc5 23.Qxc5 dxc5 24.Rd1 Kc7 25.Kf1 Bc4+ 26.Be2 Bxe2+ 27.
Kxe2 Re8+ 28.Kf3 Re4 29.Rd3 Rb4 30.b3 b5 31.axb6+ axb6 32.Rc3 Kd6 33.Rc4 
Kd5 34.Rxb4 cxb4 35.Ke3 c5 36.g3 Ke5 37.h3 h5 38.h4 f4+ 39.Kf3 f5 40.Kg2 
fxg3 41.Kxg3 Ke4 0-1